The invisible barriers to trade : how business experience non-tarif measures.
| Format: | Book |
|---|---|
| Published: |
Geneva:
International Trade Centre,
2015.
|
| Subjects: |
| LEADER | 00461cam a2200133 7i4500 | ||
|---|---|---|---|
| 001 | 0000033033 | ||
| 005 | 20170321090000.0 | ||
| 090 | 0 | 0 | |a I 382.172 |b THE |
| 245 | 0 | 4 | |a The invisible barriers to trade : |b how business experience non-tarif measures. |
| 260 | 0 | 0 | |a Geneva: |b International Trade Centre, |c 2015. |
| 300 | # | # | |a 39 pages. |
| 650 | 0 | 0 | |a Non-tariff trade barriers |
| 650 | 0 | 0 | |a Invisible exports Constraints |
| 999 | |a 0000037069 |b Book |c International |e Business Information Centre | ||